Statistics for ISO-3166 Country Codes

Click here to take the quiz!

General Stats

  • This quiz has been taken 27 times
    (19 since last reset)
  • The average score is 110 of 249

Answer Stats

HintAnswer% Correct
AFAfghanistan
80%
AXAland Islands
80%
ASAmerican Samoa
80%
ADAndorra
80%
AIAnguilla
80%
AQAntarctica
80%
AWAruba
80%
AUAustralia
80%
ATAustria
80%
AZAzerbaijan
80%
BDBangladesh
80%
BBBarbados
80%
ALAlbania
60%
AOAngola
60%
AGAntigua and Barbuda
60%
ARArgentina
60%
AMArmenia
60%
BHBahrain
60%
BEBelgium
60%
BABosnia and Herzegovina
60%
BRBrazil
60%
BFBurkina Faso
60%
CMCameroon
60%
CVCape Verde
60%
CNChina
60%
CCCocos Islands
60%
CKCook Islands
60%
CRCosta Rica
60%
CYCyprus
60%
CZCzechia
60%
DKDenmark
60%
DJDjibouti
60%
DMDominica
60%
DODominican Republic
60%
GQEquatorial Guinea
60%
EEEstonia
60%
ETEthiopia
60%
FKFalkland Islands
60%
FJFiji
60%
FIFinland
60%
FRFrance
60%
GFFrench Guiana
60%
GAGabon
60%
DEGermany
60%
GRGreece
60%
GYGuyana
60%
HTHaiti
60%
HNHonduras
60%
HUHungary
60%
ISIceland
60%
IQIraq
60%
ITItaly
60%
CIIvory Coast
60%
JMJamaica
60%
JPJapan
60%
JOJordan
60%
KZKazakhstan
60%
KEKenya
60%
KIKiribati
60%
KGKyrgyzstan
60%
LVLatvia
60%
LBLebanon
60%
LYLibya
60%
LULuxembourg
60%
MYMalaysia
60%
MTMalta
60%
MHMarshall Islands
60%
MXMexico
60%
FMMicronesia
60%
MCMonaco
60%
MNMongolia
60%
NRNauru
60%
NLNetherlands
60%
NZNew Zealand
60%
NGNigeria
60%
NONorway
60%
OMOman
60%
PGPapua New Guinea
60%
PEPeru
60%
PHPhilippines
60%
QAQatar
60%
RWRwanda
60%
WSSamoa
60%
SOSomalia
60%
ESSpain
60%
CHSwitzerland
60%
SYSyria
60%
TZTanzania
60%
THThailand
60%
TOTonga
60%
TVTuvalu
60%
AEUnited Arab Emirates
60%
GBUnited Kingdom
60%
USUnited States
60%
VUVanuatu
60%
VAVatican City
60%
YEYemen
60%
ZMZambia
60%
ZWZimbabwe
60%
DZAlgeria
40%
BSBahamas
40%
BYBelarus
40%
BZBelize
40%
BJBenin
40%
BTBhutan
40%
BOBolivia
40%
BQBonaire, Sint Eustatius, and Saba
40%
BWBotswana
40%
BVBouvet Island
40%
IOBritish Indian Ocean Territory
40%
BNBrunei
40%
BGBulgaria
40%
BIBurundi
40%
KHCambodia
40%
CACanada
40%
KYCayman Islands
40%
CFCentral African Republic
40%
TDChad
40%
CLChile
40%
CXChristmas Island
40%
COColombia
40%
KMComoros
40%
HRCroatia
40%
CUCuba
40%
CWCuracao
40%
CDDemocratic Republic of the Congo
40%
TLEast Timor
40%
ECEcuador
40%
EGEgypt
40%
SVEl Salvador
40%
EREritrea
40%
SZEswatini
40%
FOFaroe Islands
40%
PFFrench Polynesia
40%
TFFrench Southern Territories
40%
GMGambia
40%
GEGeorgia
40%
GHGhana
40%
GIGibraltar
40%
GDGrenada
40%
GPGuadeloupe
40%
GUGuam
40%
GTGuatemala
40%
GGGuernsey
40%
GNGuinea
40%
GWGuinea-Bissau
40%
HKHong Kong
40%
INIndia
40%
IDIndonesia
40%
IRIran
40%
IEIreland
40%
ILIsrael
40%
JEJersey
40%
KWKuwait
40%
LALaos
40%
LRLiberia
40%
LILiechtenstein
40%
LTLithuania
40%
MKMacedonia
40%
MGMadagascar
40%
MWMalawi
40%
MVMaldives
40%
MLMali
40%
MRMauritania
40%
MUMauritius
40%
YTMayotte
40%
MDMoldova
40%
MEMontenegro
40%
MAMorocco
40%
MZMozambique
40%
NPNepal
40%
NINIcaragua
40%
KPNorth Korea
40%
PKPakistan
40%
PAPanama
40%
PYParaguay
40%
PTPortugal
40%
CGRepublic of the Congo
40%
RORomania
40%
RURussia
40%
BLSaint Barthelemy
40%
SMSan Marino
40%
SASaudi Arabia
40%
SNSenegal
40%
SGSingapore
40%
SKSlovakia
40%
ZASouth Africa
40%
KRSouth Korea
40%
SESweden
40%
TJTajikistan
40%
TTTrinidad and Tobago
40%
UGUganda
40%
UAUkraine
40%
UYUruguay
40%
UZUzbekistan
40%
VEVenezuela
40%
WFWallis and Futuna
40%
BMBermuda
20%
VGBritish Virgin Islands
20%
GLGreenland
20%
HMHeard and McDonald Islands
20%
IMIsle of Man
20%
LSLesotho
20%
MOMacau
20%
MQMartinique
20%
MSMontserrat
20%
MMMyanmar
20%
NANamibia
20%
NCNew Caledonia
20%
NENiger
20%
NUNiue
20%
PWPalau
20%
PSPalestine
20%
PNPitcairn Islands
20%
PLPoland
20%
REReunion
20%
SHSaint Helena, Ascension, and Tristan Da Cunha
20%
KNSaint Kitts and Nevis
20%
LCSaint Lucia
20%
PMSaint Pierre and Miquelon
20%
VCSaint Vincent and the Grenadines
20%
STSao Tome and Principe
20%
RSSerbia
20%
SCSeychelles
20%
SISlovenia
20%
SBSolomon Islands
20%
GSSouth Georgia and the South Sandwich Islands
20%
SSSouth Sudan
20%
LKSri Lanka
20%
SDSudan
20%
SRSuriname
20%
SJSvalbard and Jan Mayen
20%
TWTaiwan
20%
TGTogo
20%
TKTokelau
20%
TNTunisia
20%
TRTurkey
20%
UMUnited States Minor Outlying Islands
20%
VIUS Virgin Islands
20%
VNVietnam
20%
EHWestern Sahara
20%
NFNorfolk Island
0%
MPNorthern Mariana Islands
0%
PRPuerto RIco
0%
MFSaint Martin
0%
SLSierra Leone
0%
SXSint Maarten
0%
TMTurkmenistan
0%
TCTurks and Caicos Islands
0%

Score Distribution

Percentile by Number Answered

Percent of People with Each Score

Your Score History

You have not taken this quiz since the last reset